3 or More of the Same Vowel Capitals Quiz Stats

 Plays Quiz not verified by Sporcle

Challenge
Share
Tweet
Embed
Score 0/34 Timer 10:00
0 Plays Today
% Correct
Manama
80.2%
Antananarivo
80.2%
Ankara
80.2%
Addis Ababa
78.1%
Panama City
76%
Havana
75%
Caracas
75%
Andorra La Vella
74%
Astana
74%
Islamabad
74%
Guatemala City
70.8%
Tbilisi
67.7%
Ouagadougou
66.7%
Kampala
66.7%
Santo Domingo
64.6%
Porto Novo
63.5%
Managua
62.5%
% Correct
Jakarta
61.5%
Melekeok
61.5%
Bandar Seri Begawan
60.4%
Paramaribo
58.3%
Sana'a
56.3%
Asmara
56.3%
Ashgabat
55.2%
San Salvador
54.2%
Tarawa Atoll
53.1%
Ulaanbaatar
49%
Bratislava
49%
Colombo
47.9%
Basseterre
46.9%
Bujumbura
38.5%
Yamoussoukro
33.3%
Ouagadougou
21.9%
Kuala Lumpur
19.8%

You're not logged in!

Compare scores with friends on all Sporcle quizzes.
Join for Free
OR
Log In

You Might Also Like...

Show Comments

Extras

Top Quizzes Today


Score Distribution

Your Account Isn't Verified!

In order to create a playlist on Sporcle, you need to verify the email address you used during registration. Go to your Sporcle Settings to finish the process.

Report this User

Report this user for behavior that violates our Community Guidelines.

Details: